000 00506nam a2200181Ia 4500
003 OSt
005 20260128160630.0
008 210210b1923 xxu||||| |||| 00| 0 eng d
040 _cAL
041 _aKannada
082 _a853/487
100 _aSHRINIVASA
_9162004
_d ಶ್ರೀನಿವಾಸ.
245 _aSavitri:
_bಸಾವಿತ್ರಿ
260 _aBengluru
_bBengaluru Printing and Publishing Company Limited
_c1923
690 _aKannada Drama
_9162005
906 _a019761
942 _2ddc
_cBK
999 _c143902
_d143902